<?xml version="1.0" encoding="UTF-8"?>
<record
    xmlns:xsi="http://www.w3.org/2001/XMLSchema-instance"
    xsi:schemaLocation="http://www.loc.gov/MARC21/slim http://www.loc.gov/standards/marcxml/schema/MARC21slim.xsd"
    xmlns="http://www.loc.gov/MARC21/slim">

  <leader>02747nam a22002297a 4500</leader>
  <controlfield tag="003">0</controlfield>
  <controlfield tag="005">20241026093205.0</controlfield>
  <controlfield tag="008">241026b        xxu||||| |||| 00| 0 eng d</controlfield>
  <datafield tag="020" ind1=" " ind2=" ">
    <subfield code="a">9781032334776</subfield>
  </datafield>
  <datafield tag="050" ind1=" " ind2=" ">
    <subfield code="a">QA 76.9</subfield>
    <subfield code="b">.B35 2024</subfield>
  </datafield>
  <datafield tag="100" ind1=" " ind2=" ">
    <subfield code="a">Bai, Ying,</subfield>
    <subfield code="e">author.</subfield>
  </datafield>
  <datafield tag="245" ind1=" " ind2=" ">
    <subfield code="a">SQL server database programming with C# :</subfield>
    <subfield code="b">desktop and web applications /</subfield>
    <subfield code="c">Ying Bai.</subfield>
  </datafield>
  <datafield tag="250" ind1=" " ind2=" ">
    <subfield code="a">1st ed.</subfield>
  </datafield>
  <datafield tag="260" ind1=" " ind2=" ">
    <subfield code="a">Boca Raton, FL :</subfield>
    <subfield code="b">CRC Press,</subfield>
    <subfield code="c">2024.</subfield>
  </datafield>
  <datafield tag="300" ind1=" " ind2=" ">
    <subfield code="a">xxvii, 642 p. :</subfield>
    <subfield code="b">ill. ;</subfield>
    <subfield code="c">27 cm.</subfield>
  </datafield>
  <datafield tag="504" ind1=" " ind2=" ">
    <subfield code="a">Includes index.</subfield>
  </datafield>
  <datafield tag="520" ind1=" " ind2=" ">
    <subfield code="a">"Databases have become an integral part of modern-day life. We live in an information-driven society. Database technology has a direct impact on our daily lives. Decisions are routinely made by organizations based on the information collected and stored in the databases. Because databases play such an important role in business and society, database programming is a key skill. SQL Server Database Programming with C#: Desktop and Web Applications is for college students and software programmers who want to develop practical and commercial skills in database programming with C# or Visual C#.NET 2022 as well as the relational database Microsoft SQL Server 2019. The book explains the practical considerations and applications in database programming with Visual C# 2022 and provide realistic examples and detailed explanations. A direct writing style is combined with real-world examples to provide readers with a clear picture on how to handle database programming issues in the Visual C#.NET 2022 environment. Highlights include: A complete sample database CSE_DEPT built with Microsoft SQL Server 2019 Express is provided and used for the entire book. Step by step, detailed illustrations and descriptions show how to design and build a practical relational database. Both fundamental and advanced database-programming techniques are covered to benefit beginning students and experienced programmers. An advanced database query technique, LINQ API that includes LINQ to Objects, LINQ to DataSet, LINQ to SQL, LINQ to Entities and LINQ to XML, is discussed, analyzed, and implemented in actual projects with line-by-line explanations. Homework and class projects are provided for each chapter to strengthen and improve students' abilities of learning and understanding for topics they studied. PowerPoint teaching slides and selected homework solutions help instructors to teach and organize their classes easily and effectively. Useful and practical, this textbook is an intuitive guide on how to develop and build professional and practical database applications"--Provided by publisher.</subfield>
  </datafield>
  <datafield tag="650" ind1=" " ind2=" ">
    <subfield code="a">SQL server.</subfield>
  </datafield>
  <datafield tag="650" ind1=" " ind2=" ">
    <subfield code="a">Database management.</subfield>
  </datafield>
  <datafield tag="650" ind1=" " ind2=" ">
    <subfield code="a">Web applications.</subfield>
  </datafield>
  <datafield tag="942" ind1=" " ind2=" ">
    <subfield code="2">lcc</subfield>
    <subfield code="c">BK</subfield>
  </datafield>
  <datafield tag="999" ind1=" " ind2=" ">
    <subfield code="c">366623</subfield>
    <subfield code="d">366623</subfield>
  </datafield>
  <datafield tag="952" ind1=" " ind2=" ">
    <subfield code="0">0</subfield>
    <subfield code="1">0</subfield>
    <subfield code="2">lcc</subfield>
    <subfield code="4">0</subfield>
    <subfield code="a">CL</subfield>
    <subfield code="b">CL</subfield>
    <subfield code="c">RES</subfield>
    <subfield code="d">2024-10-26</subfield>
    <subfield code="e">Library Fund</subfield>
    <subfield code="l">0</subfield>
    <subfield code="o">QA 76.9 .B35 2024</subfield>
    <subfield code="p">C23827</subfield>
    <subfield code="r">2024-10-26 00:00:00</subfield>
    <subfield code="w">2024-10-26</subfield>
    <subfield code="y">BK</subfield>
  </datafield>
</record>
